La economía de El Salvador y la integración centroamericana: 1945-1960

Analiza la evolución de la economía salvadoreña de 1945 a 1960 y su influencia en el proceso de integración económica centroamericana - Plantea como hipótesis central que la forma definitiva que toma el Mercado Común Centroamericano no es el resultado de un simple enfrentamiento de don influencias e...

Полное описание

Сохранить в:
Библиографические подробности
Главный автор: Dada Hirezi, Héctor
Формат: Текст
Опубликовано: San Salvador: Universidad Centroamericana José Simeón Cañas
Метки: Добавить метку
Нет меток, Требуется 1-ая метка записи!

MARC

LEADER 00000 a a2200000 04500
001 20507
003
040
090 |a 086100  
100 |a Dada Hirezi, Héctor  
245 |a La economía de El Salvador y la integración centroamericana: 1945-1960  
260 |a San Salvador:   |b Universidad Centroamericana José Simeón Cañas  
300 |a 107 p.  
520 |a Analiza la evolución de la economía salvadoreña de 1945 a 1960 y su influencia en el proceso de integración económica centroamericana - Plantea como hipótesis central que la forma definitiva que toma el Mercado Común Centroamericano no es el resultado de un simple enfrentamiento de don influencias externas (CEPAL Y Estados Unidos) sino que responde, , además a los de sus socios en el exterior. Estudia las formas que la dependencia toma en la formación social del sector exportador impulsa un desarrollo industrial limitado y asociado al capital extranjero  
999 |c 14121  |d 14121